|
|
|
|
| LEADER |
00000cam a2200000 i 4500 |
| 001 |
1/91076 |
| 008 |
080715s1993 enk| ||| |||| ||eng|| |
| 020 |
|
|
|a 090468413X
|
| 035 |
|
|
|l 10098991
|
| 040 |
|
|
|a GR-MyUa
|b gre
|e AACR2
|
| 041 |
0 |
|
|a eng
|
| 082 |
7 |
|
|a 745.4
|2 (22)
|
| 245 |
0 |
0 |
|a Designs we live by /
|c edited by Helga Loeb, Phil Slight and Nick Stanley.
|
| 260 |
|
|
|a Corsham :
|b NSEAD,
|c c1993.
|
| 300 |
|
|
|a 73 σ. :
|b εικ. (μερικές έγχρ.) ;
|c 30 εκ.
|
| 504 |
|
|
|a Βιβλιογραφία: σ. 70-71.
|
| 650 |
0 |
0 |
|a Design.
|
| 650 |
0 |
0 |
|a Arts and crafts.
|
| 700 |
1 |
|
|a Loeb, Helga,
|e edtf
|
| 700 |
1 |
|
|a Slight, Phil,
|e edt
|
| 700 |
1 |
|
|a Stanley, Nick,
|e edt
|
| 852 |
|
|
|a INST
|b SYROS
|e 20080715
|h 745.4 DES
|p 005500005661
|q 005500005661
|t BK
|y 0
|
| 901 |
|
|
|a BIBL5-2008-2
|
| 922 |
|
|
|a 5ΕΛΗ
|b 200801
|c ΕΠΕΑΕΚ2/ΤΜΣΠΣ
|d ΠΑΠΑΣΩΤΗΡΙΟΥ
|
| 970 |
|
|
|a Καγιαβά
|b Ειρήνη
|z 15/07/2008
|